| 000 | 00808nam a22001817a 4500 | ||
|---|---|---|---|
| 999 |
_c14954 _d14954 |
||
| 003 | OSt | ||
| 082 | _2631.3 ARS/SI | ||
| 088 | _aP 213 | ||
| 100 |
_aARSHANA V.K _aHARITHA A _aHREDHYA HARIDAS _aJYOTHISH V _aRASHIDA RAJUVA T.A _93830 |
||
| 245 | _aSimulating the impact of check dams on river flow-a case study in Bharathappuzha river basin | ||
| 260 |
_aTavanur 2010 _bDepartment of Land and Water Resources and Conservation Engineering |
||
| 300 | _a53 | ||
| 500 | _aSimulating the impact of check dams on river flow-a case study in Bharathappuzha river basin | ||
| 520 | _aSimulating the impact of check dams on river flow-a case study in Bharathappuzha river basin | ||
| 700 |
_aDr. K.K Sathian (Guide) _93634 |
||
| 856 | _uhttps://drive.google.com/open?id=11S3d0_aibtllSoM1vnCyybiQnrpM7QZk | ||
| 942 | _cPR | ||